A primer of analytic number theory : from Pythagoras to Riemann
Αποθηκεύτηκε σε:
| Κύριος συγγραφέας: | |
|---|---|
| Μορφή: | Βιβλίο |
| Γλώσσα: | English |
| Δημοσίευση: |
Cambridge, UK ; New York :
Cambridge University Press,
2003
|
| Θέματα: | |
| Ετικέτες: |
Προσθήκη ετικέτας
Δεν υπάρχουν, Καταχωρήστε ετικέτα πρώτοι!
|
MARC
| LEADER | 00000nam a2200000 i 4500 | ||
|---|---|---|---|
| 001 | 1/79603 | ||
| 008 | 080331s2003 eng d | ||
| 020 | |a 0-521-01253-8 | ||
| 035 | |l 10096005 | ||
| 040 | |a GR-MY-UA |b gre |e aacr | ||
| 041 | 0 | |a eng | |
| 082 | 0 | |a 512.7 |2 (22) | |
| 100 | 1 | |a Stopple, Jeffrey |d 1958- | |
| 245 | 1 | 2 | |a A primer of analytic number theory : |b from Pythagoras to Riemann / |c Jeffrey Stopple |
| 260 | |a Cambridge, UK ; New York : |b Cambridge University Press, |c 2003 | ||
| 300 | |a xiii, 383 σ.; |b εικ.; |c 24 εκ. | ||
| 504 | |a Περιέχει βιβλιογραφικές παραπομπές (σ. 375-377) και ευρετήριο | ||
| 650 | 0 | 0 | |a Number theory. |
| 852 | |a INST |b SAMOS |e 20080331 |h 512.7 STO |p 005300026631 |q 005300026631 |t BK |y 0 | ||
| 901 | |a BIBL3-2008-1 | ||
| 909 | |a Σ |b 142418 | ||
| 922 | |a 3ΕΛΗ |b 200712 |c ΕΠΕΑΕΚ2/ΤΜΗΜΑ ΜΑΘΗΜΑΤΙΚΩΝ |d ΕΛΕΥΘΕΡΟΥΔΑΚΗΣ | ||
| 970 | |a ΡΟΥΣΣΟΥ |b ΚΩΝΣΤΑΝΤΙΝΑ |z 2008/03/31 | ||